Zásady a postup zavádzania úspešného logistického systému v podniku dizertačná práca
Na minha lista:
| Autor principal: | |
|---|---|
| Autor Corporativo: | |
| Outros Autores: | |
| Formato: | Livro |
| Idioma: | eslovaco |
| Publicado em: |
Bratislava
2011
|
| Assuntos: | |
| Tags: |
Sem tags, seja o primeiro a adicionar uma tag!
|
MARC
| LEADER | 00000nam a2200000 4500 | ||
|---|---|---|---|
| 001 | 0141807 | ||
| 005 | 20240109073849.5 | ||
| 041 | 0 | |a slo | |
| 044 | |a SK | ||
| 245 | 1 | 0 | |a Zásady a postup zavádzania úspešného logistického systému v podniku |b dizertačná práca |c Marián Pozor ; školiteľ: Juraj Stern |
| 264 | 1 | |a Bratislava |c 2011 | |
| 300 | |a 140 s. | ||
| 610 | 2 | 0 | |a doprava letecká |
| 610 | 2 | 0 | |a liberalizácia |
| 610 | 2 | 0 | |a priestor nadzemný |
| 610 | 2 | 0 | |a dohody medzinárodné |
| 610 | 2 | 0 | |a trh dopravný |
| 100 | 1 | |a Pozor, Marián | |
| 700 | 1 | |a Stern, Juraj | |
| 710 | 2 | |a Fakulta podnikového manažmentu EU. Katedra manažmentu výroby a logistiky - zrušená | |